Statistics for Capitals of Flags Letter T

Click here to take the quiz!

General Stats

  • This quiz has been taken 12 times
  • The average score is 10 of 12

Answer Stats

Answer% Correct
Ankara
100%
Bangkok
100%
Port of Spain
100%
Tunis
100%
Taipei
92%
Ashgabat
83%
Dili
83%
Dodoma
83%
Dushanbe
83%
Lomé
83%
Nukuʻalofa
75%
Funafuti
58%

Score Distribution

Percentile by Number Answered

Percent of People with Each Score

Your Score History

You have not taken this quiz